000 00525nam a22001577a 4500
003 OSt
005 20221027210006.0
008 221027b |||||||| |||| 00| 0 eng d
040 _cBiblioteca Lado V
082 _2700.74
_aD559b
100 _9230
_aDiego, Estrella de
_dcuradora
245 _a49 Bienal de Venecia Pabellón de España /
_bViaje a Venecia a Journey to Venice/
260 _aMadrid
_c2001
_bMinisterio de Asuntos Exteriores
300 _a180p.
_c17x25cm
942 _2ddc
_c1
_h700.74
_iD559b
_n0
999 _c2390
_d2390